000 00722nam a2200253Ia 4500
003 OSt
005 20220925225457.0
006 a|||||r|||| 00| 0
007 ta
008 220923b |||||||| |||| 00| 0 eng d
020 _a0761947612
037 _cGeneral Book
040 _aRTL
_cRTL
_beng
041 _2eng
_aeng
082 _aU44, P5
100 _aWoods Michael
_9290240
245 0 _aRural geography
_b Processes, Responses and experiences in rural Restructuring
260 _aLondon
_bSage Publications
_c2005
300 _a330p
_ccm.
500 _aBibliography: P 305-20
650 _aRural Geography
942 _hU44, P5
_cGB
_2CC
999 _c583613
_d583613